Béatrice Surchat, Suis-je le gardien de mon frère ? Labor et Fides, 2023, 336 pages, 22 €. (notice n° 1618280)
[ vue normale ]
| 000 -LEADER | |
|---|---|
| fixed length control field | 00701cam a2200157 4500500 |
| 005 - DATE AND TIME OF LATEST TRANSACTION | |
| control field | 20260111085604.0 |
| 041 ## - LANGUAGE CODE | |
| Language code of text/sound track or separate title | fre |
| 042 ## - AUTHENTICATION CODE | |
| Authentication code | dc |
| 100 10 - MAIN ENTRY--PERSONAL NAME | |
| Personal name | Labey, Gildas |
| Relator term | author |
| 245 00 - TITLE STATEMENT | |
| Title | Béatrice Surchat, Suis-je le gardien de mon frère ? Labor et Fides, 2023, 336 pages, 22 €. |
| 260 ## - PUBLICATION, DISTRIBUTION, ETC. | |
| Date of publication, distribution, etc. | 2023.<br/> |
| 500 ## - GENERAL NOTE | |
| General note | 31 |
| 520 ## - SUMMARY, ETC. | |
| Summary, etc. | Au Palais de Tokyo, à Paris, le duo autrichien constitué de Jakob Lena Knebl et d’Ashley Hans Scheirl est au cœur d’une exposition résolument placée sous le signe du double. |
| 786 0# - DATA SOURCE ENTRY | |
| Note | Études | Javier | 1 | 2023-12-22 | p. 121p-144p | 0014-1941 |
| 856 41 - ELECTRONIC LOCATION AND ACCESS | |
| Uniform Resource Identifier | <a href="https://shs.cairn.info/revue-etudes-2024-1-page-121p?lang=fr&redirect-ssocas=7080">https://shs.cairn.info/revue-etudes-2024-1-page-121p?lang=fr&redirect-ssocas=7080</a> |
Pas d'exemplaire disponible.




Réseaux sociaux